El problema del origen de los mundos (Record no. 210568)

MARC details
000 -CABECERA
campo de control de longitud fija 00649cam a22002177a 4500
003 - IDENTIFICADOR DEL NÚMERO DE CONTROL
campo de control MX-MxUPN
005 - FECHA Y HORA DE LA ÚLTIMA TRANSACCIÓN
campo de control 20231106161507.0
008 - ELEMENTOS DE LONGITUD FIJA--INFORMACIÓN GENERAL
campo de control de longitud fija 231023b |||||||| |||| 00| 0 spa d
040 ## - FUENTE DE LA CATALOGACIÓN
Centro catalogador/agencia de origen MX-MxUPN
Lengua de catalogación spa
050 #4 - SIGNATURA TOPOGRÁFICA DE LA BIBLIOTECA DEL CONGRESO
Número de clasificación QB981
Número de documento/Ítem P37 1950
100 1# - ASIENTO PRINCIPAL--NOMBRE PERSONAL
9 (RLIN) 50553
Nombre de persona Papp, Desiderio,
Fechas asociadas al nombre 1895-1993
245 13 - MENCIÓN DE TÍTULO
Título El problema del origen de los mundos
250 ## - MENCIÓN DE EDICIÓN
Mención de edición Primera edición
260 ## - PUBLICACIÓN, DISTRIBUCIÓN, ETC.
Lugar de publicación, distribución, etc. Buenos Aires ;
-- Argentina :
Nombre del editor, distribuidor, etc. Espasa-Calpe,
Fecha de publicación, distribución, etc. 1950
300 ## - DESCRIPCIÓN FÍSICA
Extensión 159 páginas
490 0# - MENCIÓN DE SERIE
Mención de serie Colección Austral ;
Designación de volumen o secuencia 980
650 #4 - ASIENTO SECUNDARIO DE MATERIA - TERMINO TEMATICO
9 (RLIN) 50552
Término de materia o nombre geográfico como elemento de entrada Cosmogonía
Subdivisión general Historia
902 ## - ELEMENTOS DE DATOS B LOCAL, LDB (RLIN)
Creó GCH231023
Modificó VíctorGodínez/061123
942 ## - ELEMENTOS DE PUNTO DE ACCESO ADICIONAL (KOHA)
Fuente del sistema de clasificación o colocación Library of Congress Classification
Tipo de ítem Koha Libro
Holdings
Estado de retiro Estado de pérdida Fuente del sistema de clasificación o colocación Estado dañado No para préstamo Código de colección Localización permanente Ubicación/localización actual Ubicación en estantería Fecha de adquisición Clasificación Código de barras Fecha visto por última vez Tipo de ítem Koha
    Library of Congress Classification     Colección General Bib. Gregorio Torres Quintero Bib. Gregorio Torres Quintero Planta baja 23/10/2023 QB981 P37 1950 337540 23/10/2023 Libro